| 000 | 005470000a22001090004500 | ||
|---|---|---|---|
| 100 | 1 | _aArana Quiroz, Pedro | |
| 245 | 1 | 0 | _aLa Biblia en la comunidad de fe |
| 300 | _aVol.61, núm.279 (Marzo-abril, 2006), Páginas 8-13 | ||
| 520 | _aLa Palabra de Dios y la comunidad de fe están inseparablemente unidas. La Palabra de Dios que llamó al mundo a su existencia, es la misma Palabra que llamó a Abram de "su tierra y su parentela" para ser Abraham, "padre de muchas naciones" unidas por su fe. | ||
| 773 | 0 | _tLa Biblia de las Américas | |
| 942 | _cANA | ||
| 999 |
_c61632 _d61632 |
||